La respiración en las plantas

Đã lưu trong:
Chi tiết về thư mục
Những tác giả chính: Stiles, Walter (Tác giả), Leach, William (Tác giả)
Định dạng: Sách
Ngôn ngữ:Tiếng Tây Ban Nha
Được phát hành: Buenos Aires Acme Agency 1936
Loạt:Monografías sobre temas biológicos
Những chủ đề:
Các nhãn: Thêm thẻ
Không có thẻ, Là người đầu tiên thẻ bản ghi này!

MARC

LEADER 00000nam a2200000 a 4500
001 UCT2326
003 CL-VaPUC
008 961011e19360000AG |||||||||||||||||spa|d
082 0 4 |a 581.12  |b STI  |2 21 
100 0 |a Stiles, Walter  |e author  |9 371367 
700 0 |a Leach, William  |e author  |9 371368 
245 1 3 |a La respiración en las plantas 
300 |a 137 p 
942 |c BK 
945 |d 19961011 00:00:00  |a paguirre 
260 |a Buenos Aires  |b Acme Agency  |c 1936 
650 0 |a Plantas  |9 264555 
650 0 |a Botánica  |9 264202 
650 0 |a Fisiología vegetal  |9 260158 
650 0 |a Metabolismo vegetal  |9 333115 
650 0 |a Respiración   |9 343794 
583 |a last modification  |c 19961011 00:00:00  |k Rodrigo Vera 
490 0 |a Monografías sobre temas biológicos 
999 |c 252474  |d 252472 
952 |0 0  |1 0  |4 0  |6 581_120000000000000_STI_1936  |7 0  |8 A  |9 272365  |a BIBCUR  |b BIBCUR  |d 2019-11-19  |i 1761153  |o 581.12 STI 1936  |p 1761153  |r 2025-04-22  |w 2019-11-19  |y BK  |k BCB